Die mehreren Wehmüller; (Record no. 5228)

MARC details
000 -LEADER
fixed length control field 00885cam a22002171 4500
001 - CONTROL NUMBER
control field af 48002808
003 - CONTROL NUMBER IDENTIFIER
control field DLC
005 - DATE AND TIME OF LATEST TRANSACTION
control field 20260227110857.0
008 - FIXED-LENGTH DATA ELEMENTS--GENERAL INFORMATION
fixed length control field 920406s1944 gw 000 0 ger c
010 ## - LIBRARY OF CONGRESS CONTROL NUMBER
LC control number af 48002808
035 ## - SYSTEM CONTROL NUMBER
System control number (OCoLC)25594917
040 ## - CATALOGING SOURCE
Original cataloging agency Yale Univ. Library
Transcribing agency TxU
Modifying agency TxU
-- DLC
042 ## - AUTHENTICATION CODE
Authentication code premarc
050 00 - LIBRARY OF CONGRESS CALL NUMBER
Classification number PT1825.A11
Item number W5
100 1# - MAIN ENTRY--PERSONAL NAME
Personal name Brentano, Clemens,
Dates associated with a name 1778-1842.
245 14 - TITLE STATEMENT
Title Die mehreren Wehmüller;
Remainder of title fröhliche und traurige Geschichten.
Statement of responsibility, etc. Ausgewählt, bearb. und mit einem Nachwort versehen von Aloys Christof Wilsmann.
260 ## - PUBLICATION, DISTRIBUTION, ETC.
Place of publication, distribution, etc. Nürnberg,
Name of publisher, distributor, etc. Willmy-Verlag
Date of publication, distribution, etc. [1944]
300 ## - PHYSICAL DESCRIPTION
Extent 327 p.
Dimensions 18 cm.
505 0# - FORMATTED CONTENTS NOTE
Formatted contents note Die mehreren Wehmüller.--Die Geschichte der Unglücklichen.--Der Herr von Hüpfenstich.--Geschichte vom braven Kasperl und dem schönen Annerl.--Gockel, Hinkel, Gackeleia.--Die drei Nüsse.
700 1# - ADDED ENTRY--PERSONAL NAME
Personal name Wilsmann, Aloys Christof,
Relator term ed.

No items available.

Powered by Koha